000 01032ngm a22002770a 4500
001 PT34536
003 AR-LpoUNG
005 20210202000437.0
007 vd cvaizq
008 191001s2008||||ag |||||||||||||||||fre d
037 _c$15
040 _aAR-LpoUNG
_bspa
_cAR-LpoUNG
_eaacr
041 _afre
044 _aag
082 0 _a302.5 357esc
100 1 _aSchnabel, Julián
_edir.
245 1 3 _aLa escafandra y la mariposa
260 _aBuenos Aires :
_bTranseuropa,
_c2008.
300 _aDVD (112 min.) : son., col.
520 _aJean-Dominique Baubi, editor de la revista Elle en Francia, sufre un ataque a los 43 años de edad. Tras dicho ataque sufre una parálisis total de su cuerpo excepto del ojo izquierdo. Gracias a ese único ojo izquierdo aún puede disfrutar del mundo que le rodea, así como comunicarse con la gente de su entorno. Todo un cambio radical para una nueva vida.
651 4 _aDOCUMENTOS TEORICOS O METODOLOGICOS
653 _aDVD
653 _aVIDEOS
905 _a34536
942 _cDVD
999 _c54856
_d54856